00291nam a2200097Ia 4500008004100000100002200041245005700063245002300120260000900143856004100152160531s9999 xx 000 0 und d aAltarelli, Guido. aCollider Physics within the Standard Model: a Primer cby Guido Altarelli c2013 uhttp://arxiv.org/pdf/1303.2842v2.pdf